00374pab a2200145 454500008004000000100001800040245005300058260000900111300001600120362000800136650002500144650001700169700002400186773001800210180718b2002 xxu||||| |||| 00| 0 eng d aShunfeng Song aUrbanisation and city size distribution in China c2002 ap.2317-327. aNov aUrbanization - China aUrbanization aKevin Honglin Zhang aUrban Studies